00614cam a2200181 i 450000100090000000300070000900500170001600800410003302000200007402000200009408000220011424500790013625000190021526400620023430000580029665300290035470000490038318829372GE_BSU20220928115337.0151023s2016 enka b 001 0 eng  a9780199656103  a9780198832003  a616(075.8) O - 9700aOxford textbook of oncology /cedited by David J. Kerr [and three others]. aThird edition. 1aOxford, United Kingdom :bOxford University Press,c2016. a1007 pages :billustrations (chiefly color) ;c29 cm. aსიმსივნე1 aKerr, David J.,eრედაქტორი